[Event "FICGS class D 000087 email"]
[Site "FICGS email"]
[Date "2008.05.06"]
[Round "1"]
[White "Hutchinson, Joel"]
[Black "Kepinski, Janusz"]
[Result "0-1"]
[WhiteElo "1595"]
[BlackElo "1607"]
[PlyCount "48"]
[EventDate "2008.??.??"]
[EventType "tourn (corr)"]
[EventRounds "6"]
[SourceTitle "Corr 2022"]
[Source "ChessBase"]
[SourceDate "2021.10.24"]
[SourceVersion "1"]
[SourceVersionDate "2021.10.24"]
[SourceQuality "1"]

1. d4 d5 2. c4 Nc6 3. Nc3 Nf6 4. Nf3 e6 5. Bg5 Bb4 6. a3 Bxc3+ 7. bxc3 dxc4 8. e3 h6 9. Bh4 g5 10. Bg3 b5 11. a4 Ba6 12. Nd2 Nd5 13. Ne4 h5 14. h4 g4 15. Nc5 Qc8 16. Qc1 Bb7 17. axb5 Nce7 18. Bxc4 Nb6 19. Bf1 Nd7 20. Nxd7 Qxd7 21. Qc2 Nf5 22. Be5 0-0 23. e4 Ng7 24. Qd2 Bxe4 0-1

[Event "FICGS class D 000087 email"]
[Site "FICGS email"]
[Date "2008.05.06"]
[Round "1"]
[White "Hutchinson, Joel"]
[Black "Menzies, Colin"]
[Result "0-1"]
[WhiteElo "1595"]
[BlackElo "1585"]
[PlyCount "56"]
[EventDate "2008.??.??"]
[EventType "tourn (corr)"]
[EventRounds "6"]
[SourceTitle "Corr 2022"]
[Source "ChessBase"]
[SourceDate "2021.10.24"]
[SourceVersion "1"]
[SourceVersionDate "2021.10.24"]
[SourceQuality "1"]

1. e4 c5 2. Nf3 Nc6 3. d4 cxd4 4. Nxd4 e6 5. c4 Qh4 6. Nc3 Bb4 7. Qd3 Nf6 8. Bd2 Bxc3 9. Bxc3 Qxe4+ 10. Qxe4 Nxe4 11. Nxc6 Nxc3 12. Nxa7 Rxa7 13. bxc3 d6 14. Be2 Bd7 15. 0-0 Ke7 16. Rfd1 Rha8 17. Rd2 Bc6 18. Bd1 Ra3 19. Rc2 R8a5 20. Be2 Be4 21. Rd2 Rxc3 22. Rad1 Raa3 23. Rxd6 Rxa2 24. R6d2 Rxd2 25. Rxd2 Rc1+ 26. Bf1 Bc6 27. h3 b5 28. Rd4 bxc4 0-1

[Event "FICGS class D 000087 email"]
[Site "FICGS email"]
[Date "2008.05.06"]
[Round "1"]
[White "Malbasic, Ljubisa"]
[Black "Hutchinson, Joel"]
[Result "1-0"]
[WhiteElo "1539"]
[BlackElo "1595"]
[PlyCount "43"]
[EventDate "2008.??.??"]
[EventType "tourn (corr)"]
[EventRounds "6"]
[SourceTitle "Corr 2022"]
[Source "ChessBase"]
[SourceDate "2021.10.24"]
[SourceVersion "1"]
[SourceVersionDate "2021.10.24"]
[SourceQuality "1"]

1. d4 d5 2. Nf3 Nf6 3. e3 Bf5 4. Nbd2 e6 5. c4 c5 6. Be2 Nc6 7. 0-0 Qb6 8. cxd5 exd5 9. dxc5 Bxc5 10. a3 0-0 11. b4 Bd6 12. Bb2 Ne4 13. Nxe4 Bxe4 14. Nd4 Nxd4 15. Bxd4 Qd8 16. Rc1 f5 17. f3 Qh4 18. f4 Qh6 19. g3 a6 20. Bf3 Rac8 21. Bxe4 dxe4 22. Qb3+ 1-0